[Event "Groningen op"]
[Site "Groningen"]
[Date "1990.??.??"]
[Round "5"]
[White "Shabalov, Alexander"]
[Black "Psakhis, Lev"]
[Result "1/2-1/2"]
[WhiteElo "2475"]
[BlackElo "2575"]

1.d4 Nf6 2.c4 e6 3.Nc3 Bb4 4.Qc2 O-O 5.a3 Bxc3+ 6.Qxc3 d6 7.Bg5 Nbd7 8.e3 b6
9.Bd3 Bb7 10.Ne2 h6 11.Bxf6 Nxf6 12.O-O c5 13.Rfd1 Qc7 14.Rac1 Rac8 15.dxc5 dxc5
16.Ng3 h5 17.h3 h4 18.Nf1 Rcd8 19.Bc2 Ne4 20.Bxe4 Bxe4 21.f3 Bc6 22.Qe1 Ba4
23.Rxd8 Qxd8 24.Rc3 f5 25.b3 Bc6 26.Qe2 e5 27.Rd3 Qg5 28.Rd6 Rf6 29.Rxf6 Qxf6
30.Qd2 Qe7 31.b4 Be8 32.bxc5 bxc5  1/2-1/2

[Event "Groningen op"]
[Site "Groningen"]
[Date "1990.??.??"]
[Round "6"]
[White "Shabalov, Alexander"]
[Black "Epishin, Vladimir"]
[Result "1/2-1/2"]
[WhiteElo "2475"]
[BlackElo "2590"]

1.e4 c5 2.Nf3 d6 3.d4 cxd4 4.Nxd4 Nf6 5.Nc3 e6 6.f4 Be7 7.Bd3 O-O 8.Nf3 Nc6
9.O-O Nb4 10.Kh1 b6 11.Be2 Bb7 12.a3 Na6 13.b4 Rc8 14.Bb2 Nb8 15.Bd3 a5 16.bxa5 bxa5
17.Qe1  1/2-1/2

[Event "Groningen op"]
[Site "Groningen"]
[Date "1990.??.??"]
[Round "8"]
[White "Volke, Karsten"]
[Black "Shabalov, Alexander"]
[Result "1/2-1/2"]
[WhiteElo "2400"]
[BlackElo "2475"]

1.d4 d5 2.c4 c6 3.Nc3 e5 4.e3 e4 5.Qb3 Nf6 6.cxd5 cxd5 7.Nge2 Nc6 8.Nf4 Bb4
9.Bb5 O-O 10.O-O Bxc3 11.Qxc3 Bd7 12.Bd2 Rc8 13.Qb3 Ne7 14.Bxd7 Qxd7 15.Bb4 Rfd8
16.Bxe7 Qxe7 17.Rac1 Qd7 18.h3 g6 19.Ne2 Kg7 20.Rxc8 Rxc8 21.Rc1 Rxc1+ 22.Nxc1 h5
23.Ne2 h4 24.Nc3 a6 25.Qa4 Qd6 26.Qa5 g5 27.b3 b5 28.Ne2 Nh5 29.Qc3 Qa3 30.Qc2 Qa5
31.Kf1 Nf6 32.Nc1 Qa3 33.Ne2 a5 34.Nc3 Qd6 35.Nxb5 Qh2 36.Qc7 Qh1+ 37.Ke2 Qxg2
38.Nd6 Qf3+ 39.Ke1 Nh5 40.Qe7 Kg6 41.Qf8 Ng7 42.Qg8 Qh1+ 43.Ke2 Qf3+ 44.Ke1 Qh1+
45.Ke2 Qf3+  1/2-1/2

[Event "URS-ch U26"]
[Site "Minsk"]
[Date "1990.??.??"]
[Round "?"]
[White "Shabalov, Alexander"]
[Black "Magomedov, Magaram"]
[Result "1-0"]
[WhiteElo "2465"]
[BlackElo "2360"]

1.e4 c6 2.d4 d5 3.e5 Bf5 4.Nc3 e6 5.g4 Bg6 6.Nge2 Bb4 7.h4 h6 8.Bg2 Nd7 9.h5 Bh7
10.Be3 Ne7 11.O-O g6 12.Ng3 Qc7 13.Nce2 O-O-O 14.c3 Ba5 15.Bxh6 gxh5 16.Bg5 Rdg8
17.Bxe7 Rxg4 18.f3 Rg6 19.Bh4 Rhg8 20.Qe1 Bb6 21.Nf4 Rh6 22.Kh2 Nf8 23.Qe3 Qd7
24.Nfxh5 Rhg6 25.Nf6 Qd8 26.Bh3 Rh8 27.Bg5 Bg8 28.f4 Qc7 29.Kg2 c5 30.Rh1 cxd4
31.cxd4 Qc2+ 32.Qe2 Qa4 33.Rac1+ Kb8 34.Qc2  1-0

[Event "URS-ch U26"]
[Site "Minsk"]
[Date "1990.??.??"]
[Round "?"]
[White "Shabalov, Alexander"]
[Black "Ulibin, Mikhail"]
[Result "1/2-1/2"]
[WhiteElo "2465"]
[BlackElo "2500"]

1.d4 e6 2.c4 Nf6 3.Nc3 Bb4 4.Qc2 O-O 5.a3 Bxc3+ 6.Qxc3 b6 7.Bg5 Bb7 8.f3 h6
9.Bh4 d5 10.e3 Nbd7 11.Nh3 c5 12.cxd5 Nxd5 13.Bxd8 Nxc3 14.Be7 Rfe8 15.Bh4 Nd5
16.Bb5 g5 17.Bf2 Red8 18.e4 N5f6 19.O-O-O Rac8 20.dxc5 Nxc5 21.Rxd8+ Rxd8
22.Bxc5 Rc8 23.b4 bxc5 24.Kb2 cxb4 25.axb4 Nxe4 26.fxe4 Bxe4 27.Nf2 Bxg2
28.Rb1 f5 29.Nd3 Kf7 30.Ra1 Rc7 31.Nc5 Bd5 32.Kc3 f4 33.Kd4 Kf6 34.Bd3 g4
35.Be4 Re7 36.Re1 h5 37.Nd3 Rd7 38.Nc5 Re7 39.Nd3 Rd7 40.Nc5 Re7 41.h4 g3
42.Rf1 g2 43.Rxf4+ Kg7 44.Bxg2 Bxg2 45.Ke5 Bd5 46.b5 Rf7 47.Ra4 Kg6 48.Kd6 Rf1
49.Rxa7 Rb1 50.Ra5  1/2-1/2

[Event "URS-ch U26"]
[Site "Minsk"]
[Date "1990.??.??"]
[Round "?"]
[White "Shabalov, Alexander"]
[Black "Anastasian, Ashot"]
[Result "0-1"]
[WhiteElo "2465"]
[BlackElo "2490"]

1.e4 e6 2.d4 d5 3.Nc3 dxe4 4.Nxe4 Bd7 5.Bg5 Be7 6.Bxe7 Qxe7 7.Bd3 Bc6 8.Nf3 Nf6
9.Nxf6+ Qxf6 10.Ne5 Bxg2 11.Rg1 Bc6 12.Qg4 O-O 13.Qh5 g6 14.O-O-O Be8 15.Rg4 Nc6
16.Rdg1 Rd8 17.Nxc6 Bxc6 18.Qh6 Qg7 19.Qe3 Rd5 20.h4 Rfd8 21.c3 e5 22.h5 exd4
23.Qe7 Re8 24.hxg6 hxg6 25.Qb4 dxc3 26.Rxg6 cxb2+ 27.Kb1 fxg6 28.Rxg6 Rxd3
29.Rxg7+ Kxg7 30.Qg4+ Kf6 31.Qh4+ Ke5 32.Kxb2 Rf3 33.Qh1 Rf5 34.Qh2+ Kd5
35.f4 Ref8 36.Qd2+ Ke6 37.Qe3+ Kd7 38.Qd4+ Kc8 39.Qxa7 b6 40.Qa6+ Kb8  0-1

[Event "URS-ch U26"]
[Site "Minsk"]
[Date "1990.??.??"]
[Round "?"]
[White "Akopian, Vladimir"]
[Black "Shabalov, Alexander"]
[Result "1/2-1/2"]
[WhiteElo "2550"]
[BlackElo "2465"]

1.d4 Nf6 2.c4 c5 3.d5 e6 4.Nc3 exd5 5.cxd5 d6 6.Nf3 g6 7.g3 Bg7 8.Bg2 O-O
9.O-O Re8 10.Nd2 Nbd7 11.h3 Nh5 12.Nde4 Ndf6 13.g4 Nxe4 14.Nxe4 f5 15.Nxd6 Qxd6
16.gxh5 f4 17.hxg6 hxg6 18.Qb3 g5 19.Re1 g4 20.hxg4 Bxg4 21.Qc4 Bd4 22.Bd2 Qg6
23.d6+ Kh8 24.Bc3 Bh3 25.Bxd4+ cxd4 26.Qxd4+ Kh7 27.Qd3 Qxd3 28.exd3 Rg8
29.Re7+ Kh6 30.Kh2 Bxg2 31.Rae1 Bc6 32.b4 Rg6 33.b5 Bd5 34.d7 Rd8 35.Rc1 Rd6
36.Rc7 Kg5 37.Kg1 Kf6 38.Rh7 Rg8+ 39.Kf1 Bg2+ 40.Ke2 Rd8 41.f3 Ke6  1/2-1/2

[Event "URS-ch U26"]
[Site "Minsk"]
[Date "1990.??.??"]
[Round "?"]
[White "Epishin, Vladimir"]
[Black "Shabalov, Alexander"]
[Result "1/2-1/2"]
[WhiteElo "2550"]
[BlackElo "2465"]

1.d4 f5 2.c4 Nf6 3.Nf3 g6 4.g3 Bg7 5.Bg2 O-O 6.O-O d6 7.Nc3 Qe8 8.b3 h6 9.Ba3 g5
10.e3 c6 11.Rc1 Na6 12.Re1 Qh5 13.Nd2 Qxd1 14.Rcxd1 Nc7  1/2-1/2

[Event "World op"]
[Site "Philadelphia"]
[Date "1990.??.??"]
[Round "?"]
[White "Dlugy, Maxim"]
[Black "Shabalov, Alexander"]
[Result "1/2-1/2"]
[WhiteElo "2525"]
[BlackElo "2465"]

1.d4 d5 2.c4 c6 3.Nc3 e5 4.e3 e4 5.Nge2 Nf6 6.cxd5 cxd5 7.Nf4 Nc6 8.Qb3 Bb4
9.Be2 g5 10.Nh5 Nxh5 11.Bxh5 g4 12.h3  1/2-1/2

[Event "World op"]
[Site "Philadelphia"]
[Date "1990.??.??"]
[Round "2"]
[White "Shabalov, Alexander"]
[Black "Pohl Kuemmel, Jens Uwe"]
[Result "1-0"]
[WhiteElo "2465"]
[BlackElo "2245"]

1.e4 e6 2.d4 d5 3.Nc3 Bb4 4.e5 c5 5.a3 Bxc3+ 6.bxc3 Ne7 7.Qg4 Qc7 8.Bd3 Nbc6
9.Qxg7 Rg8 10.Qxh7 Bd7 11.Nf3 cxd4 12.Bf4 O-O-O 13.O-O dxc3 14.Rfe1 Rh8 15.Qg7 Rdg8
16.Qf6 Qd8 17.Ng5 Ng6 18.Qxd8+ Nxd8 19.Bg3 Nh4 20.f4 Bc6 21.Rab1 a5 22.Bf2 d4
23.Be4 Bxe4 24.Rxe4 Nf5 25.Bxd4 Rh4 26.Bf2 Rh5 27.Rc4+ Nc6 28.Nxf7 Rh7 29.Ng5 Rhg7
30.Rxc3 Rd7 31.Nxe6 Rd2 32.g3 Ne7 33.Nc5 Nd5 34.Rc4 Rg7 35.Ne4 Re2 36.Nd6+ Kb8
37.Rxc6  1-0

[Event "World op"]
[Site "Philadelphia"]
[Date "1990.??.??"]
[Round "4"]
[White "Glek, Igor V"]
[Black "Shabalov, Alexander"]
[Result "0-1"]
[WhiteElo "2535"]
[BlackElo "2465"]

1.d4 d5 2.c4 c6 3.Nf3 Nf6 4.Nc3 e6 5.Bg5 dxc4 6.e4 b5 7.e5 h6 8.Bh4 g5 9.exf6 gxh4
10.Ne5 Qxf6 11.a4 Bb7 12.Be2 h3 13.g3 Bg7 14.O-O O-O 15.Bf3 b4 16.Ne4 Qe7
17.Qe2 c5 18.Nxc5 Bxf3 19.Qxf3 Bxe5 20.Rad1 Na6 21.Nxa6 Bg7 22.Rfe1 Rad8
23.d5 c3 24.bxc3 bxc3 25.Re4 c2 26.Rc1 Rxd5 27.Nb4 Rd2 28.Rxc2 Qf6  0-1

[Event "World op"]
[Site "Philadelphia"]
[Date "1990.??.??"]
[Round "6"]
[White "Shabalov, Alexander"]
[Black "Zlotnikov, Mikhail"]
[Result "1-0"]
[WhiteElo "2465"]
[BlackElo "2315"]

1.e4 e5 2.Nf3 d6 3.d4 exd4 4.Nxd4 Nf6 5.Nc3 Be7 6.g3 O-O 7.Bg2 Re8 8.O-O Bf8
9.h3 c6 10.a4 a5 11.Bf4 Nbd7 12.Re1 Ne5 13.b3 g6 14.Qd2 Bg7 15.Rad1 Qe7 16.Bg5 Qf8
17.f4 Ned7 18.Nde2 Nh5 19.g4 h6 20.Bh4 Nxf4 21.Nxf4 g5 22.Bg3 gxf4 23.Bxf4 Re6
24.Ne2 Ne5 25.Ng3 Rg6 26.Nf5 Kh7 27.Rf1  1-0

[Event "World op"]
[Site "Philadelphia"]
[Date "1990.??.??"]
[Round "7"]
[White "Shabalov, Alexander"]
[Black "Dlugy, Maxim"]
[Result "1-0"]
[WhiteElo "2465"]
[BlackElo "2525"]

1.e4 c5 2.Nf3 Nc6 3.d4 cxd4 4.Nxd4 Nf6 5.Nc3 d6 6.Bg5 e6 7.Qd2 a6 8.O-O-O h6
9.Be3 Nxd4 10.Bxd4 b5 11.Qe3 Bd7 12.e5 dxe5 13.Qxe5 Rc8 14.Ne4 Nxe4 15.Qxe4 Bc6
16.Qe3 Qa5 17.Kb1 Bd5 18.b3 Rxc2 19.Kxc2 Qxa2+ 20.Bb2 Ba3 21.Rxd5 Bxb2 22.Kd1 Qb1+
23.Ke2 Bc1 24.Qe5 Qc2+ 25.Kf3 Qc6 26.Qb8+ Ke7 27.Qa7+ Ke8 28.Bxb5 axb5 29.Rxc1 Qxd5+
30.Ke2  1-0

[Event "URS-chT"]
[Site "Podolsk"]
[Date "1990.??.??"]
[Round "?"]
[White "Doroshkievich, Vladimir K"]
[Black "Shabalov, Alexander"]
[Result "1-0"]
[WhiteElo "2375"]
[BlackElo "2465"]

1.d4 e6 2.c4 f5 3.Nc3 d5 4.Bf4 Nf6 5.e3 Be7 6.Bd3 O-O 7.Qc2 c6 8.Nge2 Ne4
9.f3 Nd6 10.c5 Nf7 11.g4 b6 12.b4 a5 13.Na4 Na6 14.a3 e5 15.dxe5 Bh4+ 16.Kd2 axb4
17.Nxb6 b3 18.Qc3 Nxc5 19.Qxc5 Be7 20.Qxc6 Rb8 21.Nxc8 Rxc8 22.Qa4 fxg4 23.Nd4 Ng5
24.fxg4 Ne4+ 25.Bxe4 dxe4 26.Qxb3+ Kh8 27.Rhc1 Bc5 28.Rc4 Rxf4 29.exf4 Bxd4
30.Rxc8 Qxc8 31.Rc1 Qd8 32.Ke2 h5 33.Rd1 Qd7 34.e6 Qa7 35.e7 Qa6+ 36.Ke1 Qa5+
37.Rd2  1-0

[Event "URS-chT"]
[Site "Podolsk"]
[Date "1990.??.??"]
[Round "?"]
[White "Atlas, Valeri"]
[Black "Shabalov, Alexander"]
[Result "1/2-1/2"]
[WhiteElo "2420"]
[BlackElo "2465"]

1.e4 c5 2.Nf3 d6 3.d4 cxd4 4.Nxd4 Nf6 5.Nc3 a6 6.Be3 e6 7.a4 Be7 8.a5 O-O
9.Bd3 Nc6 10.Nb3 Nd7 11.O-O Nc5 12.Na4 Nxa4 13.Rxa4 Bd7 14.Be2 Ne5 15.Rd4 Bb5
16.c4 Bc6 17.Qd2 Qc7 18.Nc1 Nd7 19.f3 Nc5 20.Qe1 Bf6 21.Rd2 Qxa5 22.Rxd6 Qxe1
23.Rxe1 Na4 24.b3 Nc3 25.Bf1 a5 26.Bd4 Bxd4+ 27.Rxd4 Rfd8 28.Rd3 Rxd3 29.Nxd3 a4
30.bxa4 Rxa4 31.Ne5 Be8 32.Re3 Nb1 33.Rd3 f6 34.Ng4 Bc6 35.Ne3 Ra2 36.Rd8+ Kf7
37.Rd1 Nc3 38.Re1 Rd2 39.h4 Na4 40.h5 Ke7 41.Nd5+ Kf7 42.Nb4 Be8 43.Nd3 Ke7
44.Rb1 Bc6 45.Nb4 Nc5 46.Nxc6+ bxc6 47.Rb6 Rd6 48.Kf2 e5 49.g3 h6 50.Ke3 Kd7
51.Rb8 Kc7 52.Rg8 Rd7 53.Bh3 Re7 54.Rc8+ Kb6 55.Rb8+ Rb7 56.Rg8 Nb3 57.f4 Na5
58.Bf1 Kc5 59.fxe5 fxe5 60.Re8 Rb3+ 61.Kf2 Kd4 62.Rd8+ Kxe4 63.Bg2+ Kf5 64.Bh3+ Kg5
65.Rf8 Rb2+ 66.Kg1 Kxh5 67.Rf5+ g5 68.Rxe5 Nxc4 69.Re4 Rb1+ 70.Kg2 Rb2+ 71.Kg1 Na5
72.Bd7 Kg6 73.Re6+ Kf7 74.Rxh6 c5 75.Ra6 Nb7 76.Bf5 Rd2 77.Rc6 Nd6 78.Rxc5  1/2-1/2

[Event "URS-chT"]
[Site "Podolsk"]
[Date "1990.??.??"]
[Round "?"]
[White "Meister, Yakov"]
[Black "Shabalov, Alexander"]
[Result "0-1"]
[WhiteElo "2395"]
[BlackElo "2465"]

1.d4 e6 2.c4 b6 3.e4 Bb7 4.d5 f5 5.exf5 Bb4+ 6.Bd2 Bxd2+ 7.Qxd2 exd5 8.cxd5 Qe7+
9.Be2 Nh6 10.Nf3 Nxf5 11.O-O O-O 12.Nc3 h6 13.Rfe1 Qf7 14.Bc4 Nd6 15.Bd3 Qf4
16.Qe2 Nf7 17.Rad1 a5 18.Bb1 Nd6 19.Rd4 Qf6 20.Ne5 Ba6 21.Qc2 Qf5 22.Qd2 Qf6
23.Ng6 Rf7 24.Rf4 Qd8 25.Rxf7 Nxf7 26.Ne7+ Kf8 27.Bg6 Qxe7 28.Rxe7 Kxe7 29.Qf4 Nd6
30.Qh4+  0-1

[Event "Werfen op"]
[Site "Werfen"]
[Date "1990.??.??"]
[Round "3"]
[White "Duer, Werner"]
[Black "Shabalov, Alexander"]
[Result "0-1"]
[WhiteElo "2290"]
[BlackElo "2465"]

1.d4 d5 2.Nf3 c6 3.c4 e6 4.Qc2 Nf6 5.Nbd2 c5 6.dxc5 d4 7.Nb3 Nc6 8.e3 e5
9.exd4 e4 10.Nfd2 Nxd4 11.Nxd4 Qxd4 12.Nb3 Qe5 13.Be3 Bf5 14.Rd1 Be7 15.h3 O-O
16.Be2 Rfe8 17.g4 Be6 18.Rd4 a5 19.a4 Qc7 20.O-O h6 21.Rxe4 Nxe4 22.Qxe4 Qc6
23.Qb1 Qxa4 24.Nd4 Bxc5 25.b3 Qd7 26.Rd1 Qc7 27.Bf3 Bd7 28.Qc1 Qb6 29.Bd5 Bc6
30.Nf5 Bxe3 31.Qc3 Bxf2+ 32.Kf1 Bd4 33.Rxd4 Bxd5 34.Rxd5 Qg6 35.Qf3 Qe6 36.Rd1 Rad8  0-1

[Event "Werfen op"]
[Site "Werfen"]
[Date "1990.??.??"]
[Round "4"]
[White "Shabalov, Alexander"]
[Black "Dokhoian, Yury"]
[Result "1/2-1/2"]
[WhiteElo "2465"]
[BlackElo "2540"]

1.e4 e6 2.d4 d5 3.Nc3 Nf6 4.Bg5 Bb4 5.exd5 exd5 6.Qf3 Be6 7.Bd3 Nbd7 8.Ne2 h6
9.Bh4 c6 10.Nf4 Bg4 11.Qe3+ Qe7 12.Qxe7+ Kxe7 13.f3 Be6 14.O-O-O g5 15.Nxe6 fxe6
16.Bf2 Raf8 17.Ne2 Nh5 18.c3 Bd6 19.Rde1 Rf6 20.Kc2 Kf7 21.Nc1 Rg8 22.Be2 Nf4
23.Bf1 g4 24.g3 Nh3 25.Bxh3 Rxf3 26.Bxg4 Rxg4 27.Re2 Nf6 28.Be3 h5 29.Nd3 Re4
30.Rhe1 Ng4 31.Bf4 Bxf4 32.Nxf4 Rf2  1/2-1/2

[Event "Werfen op"]
[Site "Werfen"]
[Date "1990.??.??"]
[Round "6"]
[White "Shabalov, Alexander"]
[Black "Klinger, Josef"]
[Result "0-1"]
[WhiteElo "2465"]
[BlackElo "2475"]

1.e4 Nc6 2.d4 e5 3.dxe5 Nxe5 4.Bf4 Ng6 5.Bg3 Nf6 6.Bd3 Bb4+ 7.c3 Bc5 8.e5 Qe7
9.Qe2 Nd5 10.Bxg6 hxg6 11.Nd2 g5 12.Ne4 Bb6 13.O-O-O Nf4 14.Bxf4 gxf4 15.Nf3 Qe6
16.c4 O-O 17.Rd5 d6 18.Rhd1 Qh6 19.exd6 cxd6 20.Rxd6 Be6 21.Neg5 Bxc4 22.Qe4 Rac8
23.Kb1 Qh5 24.b3 Bb5 25.g4 fxg3 26.hxg3 Bc6 27.Qd3 Bc5 28.g4 Qh8 29.Rxc6 Rxc6
30.Qf5 g6 31.Qf4 Ba3 32.Ne5 Rc7 33.Ngf3 Rfc8 34.Nc4 Rxc4  0-1

[Event "Gausdal Int"]
[Site "Gausdal"]
[Date "1991.??.??"]
[Round "1"]
[White "Hjelmaas, Lars"]
[Black "Shabalov, Alexander"]
[Result "0-1"]
[WhiteElo "2290"]
[BlackElo "2535"]

1.d4 d5 2.Nf3 c6 3.c4 Nf6 4.Nc3 e6 5.g3 Ne4 6.Bg2 Nxc3 7.bxc3 Nd7 8.Qb3 Be7
9.O-O O-O 10.a4 Qb6 11.Qa2 Qa5 12.Ba3 Bxa3 13.Qxa3 dxc4 14.Nd2 Nb6 15.f4 Rd8
16.Rfc1 Bd7 17.Qc5 Qxc5 18.dxc5 Be8 19.cxb6 Rxd2 20.a5 axb6 21.axb6 Rxa1
22.Rxa1 Rb2 23.Ra4 Rxb6 24.Rxc4 Kf8 25.Kf2 Ke7 26.Ke3 Rb3 27.Kd3 b5 28.Rb4 Ra3
29.Rb2 Kd6 30.Be4 h6 31.g4 c5 32.Rd2 Bc6 33.Kc2+ Bd5 34.Bd3 c4 35.Bh7 Ra2+
36.Kc1 Rxd2 37.Kxd2 g6 38.Ke3 Ke7 39.f5 Kf6 40.fxg6 fxg6  0-1

[Event "Troll Masters"]
[Site "Gausdal"]
[Date "1991.??.??"]
[Round "1"]
[White "Shabalov, Alexander"]
[Black "Svensson, Bengt"]
[Result "1/2-1/2"]
[WhiteElo "2505"]
[BlackElo "2400"]

1.d4 d5 2.c4 c6 3.Nf3 Nf6 4.Nc3 e6 5.Bg5 dxc4 6.e4 b5 7.e5 h6 8.Bh4 g5 9.Nxg5 hxg5
10.Bxg5 Nbd7 11.exf6 Bb7 12.g3 c5 13.d5 Qb6 14.Bg2 O-O-O 15.O-O b4 16.Na4 Qb5
17.a3 Nb8 18.axb4 cxb4 19.Qg4 Bxd5 20.Rfc1 Nc6 21.Bxd5 Rxd5 22.Rxc4 Rxg5
23.Qd4 Kb8 24.Rxc6 Rxg3+ 25.fxg3 Qxc6 26.Rd1 Bh6 27.Nc5 Ka8 28.Qe4 Qxe4 29.Nxe4 Be3+
30.Kg2 a5 31.h4 Kb8 32.b3 Kc7 33.Kf3 Bb6 34.Ke2 Kc6 35.Rd6+ Kc7 36.Rd3 Kc6
37.Nd6 Bc7 38.Nxf7 Rf8 39.g4 Rxf7 40.g5 Bf4 41.Kf3 Be5 42.Ke4 Bxf6 43.Rf3 Bxg5
44.Rxf7 Bxh4 45.Kd4 Bg3 46.Kc4 Bc7 47.Rf6 Kd6 48.Kb5 Kd5 49.Rf7 Bd6 50.Rf1 Be5
51.Kxa5 Bc3 52.Kb5 e5 53.Rf8 Kd4 54.Rd8+ Ke3 55.Kc4 e4 56.Re8 Kf3 57.Re7 Bd2
58.Rh7 e3 59.Kd3 Kf4 60.Re7 Kf5 61.Re4 Kf6 62.Ke2 Kf5 63.Kf3 Kf6 64.Kg4 Kg6
65.Re6+ Kf7 66.Kf5 Kg7 67.Re8 Kf7 68.Re4 Kg7 69.Ke6 Kh6 70.Kf6 Kh5 71.Kf5 Kh6
72.Re7 Bc1 73.Re6+ Kg7  1/2-1/2

[Event "Peer Gynt"]
[Site "Gausdal"]
[Date "1991.??.??"]
[Round "2"]
[White "Shabalov, Alexander"]
[Black "Westerinen, Heikki MJ"]
[Result "1-0"]
[WhiteElo "2535"]
[BlackElo "2420"]

1.e4 d5 2.exd5 Qxd5 3.Nc3 Qa5 4.Bc4 Nf6 5.Nge2 Bf5 6.Ng3 Bg6 7.d4 e6 8.O-O c6
9.f4 Bb4 10.f5 exf5 11.Qe2+ Kf8 12.Bd2 Qb6 13.Nxf5 Nbd7 14.Nb5 Bxd2 15.Qe7+ Kg8
16.Nbd6 Rf8 17.Qxd7 h5 18.Nxf7 Rxf7 19.Bxf7+ Bxf7 20.Ne7+ Kf8 21.Qd6 Bb4
22.Ng6+ Kg8 23.Qb8+ Kh7 24.Nxh8 Qxd4+ 25.Kh1 Bd5 26.Qg3 Bd6 27.Rad1 Qc5 28.Qg6+ Kxh8
29.Rxf6 gxf6 30.Qxf6+ Kh7 31.c4 Qxc4 32.Qxd6 Qe2 33.Qc7+ Kh8 34.Qb8+ Kh7
35.Qc7+ Kh8 36.Qc8+ Kh7 37.Qf5+ Kh6 38.Qf6+ Kh7 39.Qf5+ Kh6 40.Qf4+ Kh7 41.Qd2 Bxg2+
42.Kg1 Qxd2 43.Rxd2 Bd5 44.Re2 Kg6 45.Re7 c5 46.Kf2 Kf6 47.Rc7 Bc6 48.Kg3 Ke5
49.Rh7 Kd4 50.Rxh5 c4 51.h4 b5 52.Rh6 Bd5 53.h5 b4 54.Rd6 c3 55.bxc3+ bxc3
56.h6  1-0

[Event "Troll Masters"]
[Site "Gausdal"]
[Date "1991.??.??"]
[Round "4"]
[White "Roeder, Mathias"]
[Black "Shabalov, Alexander"]
[Result "1/2-1/2"]
[WhiteElo "2430"]
[BlackElo "2505"]

1.d4 d5 2.c4 c6 3.Nc3 e5 4.dxe5 d4 5.Ne4 Qa5+ 6.Nd2 Nh6 7.Nf3 Nf5 8.a3 Nd7
9.g4 Ne3 10.b4 Nxd1 11.bxa5 Nc3 12.Nxd4 Nxe5 13.h3 a6 14.a4 Be6 15.Ba3 O-O-O
16.e3 Bxa3 17.Rxa3 c5 18.Rxc3 cxd4 19.exd4 Rxd4 20.Be2 Rhd8 21.Nf3 Nxf3+
22.Rxf3 Bxc4 23.Bxc4 Rd1+ 24.Ke2 Rxh1 25.Rxf7 Rc1 26.Be6+ Kb8 27.Rxg7 Re8
28.Kd2 Rc7 29.Rxc7 Kxc7 30.Bf5 h6 31.f4 Rd8+ 32.Ke3 Rd5 33.h4 Rxa5 34.Be4 Rxa4
35.g5 Ra3+ 36.Bd3 Kd6 37.gxh6 Rc3 38.h7 Rc8 39.Bc4 Rh8 40.Bg8 Ke7 41.Kd4 b6
42.Kd5  1/2-1/2

[Event "Troll Masters"]
[Site "Gausdal"]
[Date "1991.??.??"]
[Round "5"]
[White "Shabalov, Alexander"]
[Black "Inkiov, Ventzislav"]
[Result "1/2-1/2"]
[WhiteElo "2505"]
[BlackElo "2475"]

1.e4 c5 2.Nf3 d6 3.d4 cxd4 4.Nxd4 Nf6 5.Nc3 Nc6 6.Bg5 e6 7.Qd2 Be7 8.O-O-O O-O
9.f4 Nxd4 10.Qxd4 Qa5 11.Bc4 Bd7 12.Rd3 b5 13.Rg3 bxc4 14.Bxf6 Bxf6 15.Qxf6 g6
16.Rd1 Bc6 17.Qd4 Rac8 18.Rg5 d5 19.exd5 Bxd5 20.Ne4 f5 21.Nc3 Rfd8 22.Qf6 Qb6
23.Re1 Qf2 24.Rxg6+  1/2-1/2

[Event "Troll Masters"]
[Site "Gausdal"]
[Date "1991.??.??"]
[Round "6"]
[White "Watson, William N"]
[Black "Shabalov, Alexander"]
[Result "1/2-1/2"]
[WhiteElo "2505"]
[BlackElo "2505"]

1.e4 c5 2.Nf3 d6 3.d4 cxd4 4.Nxd4 Nf6 5.Nc3 a6 6.f4 e6 7.Qf3 Qb6 8.Nb3 Qc7
9.a4 Nc6 10.Bd3 Nb4 11.Be3 e5 12.f5 d5 13.exd5 Nxd3+ 14.cxd3 Bb4 15.O-O Bxc3
16.bxc3 Qxc3 17.Nc5 O-O 18.Rac1 Qa5 19.Bg5 Qb6 20.Kh1 Qd6 21.Bxf6 Qxf6 22.Ne4 Qh4
23.Rc7 Rd8 24.a5 Rb8 25.g3 Qh6 26.Rfc1 Bd7 27.g4 Rbc8 28.g5 Qh4 29.R7c4 h6
30.Rg1 Rxc4 31.dxc4 Ba4 32.Rg4 Qe1+ 33.Rg1 Qh4  1/2-1/2

[Event "Gausdal Int"]
[Site "Gausdal"]
[Date "1991.??.??"]
[Round "6"]
[White "Shabalov, Alexander"]
[Black "Djurhuus, Rune"]
[Result "1-0"]
[WhiteElo "2535"]
[BlackElo "2410"]

1.e4 e6 2.d4 d5 3.Nc3 Bb4 4.e5 c5 5.a3 Bxc3+ 6.bxc3 Ne7 7.Qg4 cxd4 8.cxd4 Qc7
9.Ra2 Nf5 10.Nf3 Qb6 11.Bd3 Qb1 12.O-O Qxa2 13.Bxf5 exf5 14.Qxg7 Rf8 15.Ng5 Be6
16.Nxe6 fxe6 17.Qxb7 Qxc2 18.Qxa8 Kd7 19.Qxa7+ Qc7 20.Qa4+ Nc6 21.Qd1 Ke8
22.Qd3 Na5 23.Bg5 Qc4 24.Qh3 Rf7 25.Qh6 Qa6 26.Rb1 Qc8 27.Rb6 Nc6 28.h3 Kd7
29.Qh5 Ke8 30.Bf6 Qc7 31.Qg5 Nxd4 32.Qg8+  1-0

[Event "Gausdal Int"]
[Site "Gausdal"]
[Date "1991.??.??"]
[Round "7"]
[White "Shabalov, Alexander"]
[Black "Krasenkow, Michal"]
[Result "0-1"]
[WhiteElo "2535"]
[BlackElo "2550"]

1.d4 Nf6 2.Nf3 g6 3.g3 d5 4.Bg2 Bg7 5.O-O O-O 6.c4 dxc4 7.Na3 c3 8.bxc3 c5
9.e3 Nc6 10.Qe2 Nd5 11.Bb2 Qa5 12.Rac1 Bg4 13.h3 Bxf3 14.Bxf3 Nb6 15.Qb5 Qxb5
16.Nxb5 Nc4 17.Rc2 Rac8 18.dxc5 N6e5 19.Be2 Rxc5 20.Nd4 Rfc8 21.Rb1 b6 22.Bc1 Nd6
23.Ba6 R8c7 24.Ba3 Rxc3 25.Rxc3 Rxc3 26.Bxd6 exd6 27.Nb5 Rc2 28.a3 Nf3+ 29.Kg2 Nd2
30.Rb4 d5 31.Bb7 a5 32.Rg4 Nc4 33.Kf1 h5 34.Rf4 Be5 35.Rh4 Nd2+ 36.Kg2 Ne4
37.Bxd5 Nxf2 38.Kf3 Nd3 39.Rc4 Rb2 40.Nd4 Ne1+ 41.Ke4 Bxg3 42.Rc6 Kg7 43.Bc4 Ng2
44.Kd3 Rb1 45.Ke4 Nh4 46.Nb5 Nf5 47.Kf3 Rc1 48.Bd5 Rf1+ 49.Ke4 Re1 50.Rc3 Bf2
51.Kf3 Bxe3 52.Rc7 Nh6 53.Re7 Bf2 54.Rxe1 Bxe1 55.Nd6 Bh4 56.Ke4 Be7 57.Ke5 Bxd6+
58.Kxd6 Nf5+ 59.Kc7 b5 60.Kb6 Ne3 61.Be4 Nc4+ 62.Kxb5 Nd6+ 63.Kxa5 Nxe4 64.Kb4 Kf6  0-1

[Event "Peer Gynt"]
[Site "Gausdal"]
[Date "1991.??.??"]
[Round "8"]
[White "Shabalov, Alexander"]
[Black "Wegner, Hannu"]
[Result "0-1"]
[WhiteElo "2535"]
[BlackElo "2425"]

1.e4 e5 2.Nf3 Nc6 3.Bb5 a6 4.Ba4 Nf6 5.O-O Be7 6.Bxc6 dxc6 7.Qe1 Nd7 8.b3 O-O
9.Bb2 f6 10.Nh4 Nc5 11.f4 exf4 12.Rxf4 Ne6 13.Rf1 Nd4 14.Qd1 f5 15.Nxf5 Bxf5
16.exf5 Nxf5 17.d4 Bg5 18.Rf3 Be3+ 19.Kh1 Bxd4 20.Bxd4 Qxd4 21.Nc3 Rae8 22.Rd3 Qe5
23.Qd2 Re6 24.Rd1 Rh6 25.g4 Nd6 26.Rg1 Rhf6 27.Re3 Qg5 28.Qd3 Rf2 29.Ne4 Nxe4
30.Qxe4 Qh4 31.h3 Qf6 32.a4 Qd6 33.Rg2 Rf1+ 34.Rg1 R1f2 35.Rg2 Rf1+ 36.Rg1 h6
37.Rxf1 Rxf1+ 38.Kg2 Rf8 39.Qc4+ Qd5+ 40.Qxd5+ cxd5 41.Re7 Rf7 42.Re8+ Kh7
43.Kg3 Rf6 44.Re3 Kg6 45.h4 Kf7 46.h5 b6 47.Rc3 c6 48.b4 Ke7 49.b5 axb5 50.axb5 c5
51.Ra3 Kd6 52.Ra6 Ke5 53.g5 hxg5 54.Ra7 Rh6  0-1

[Event "Gausdal Int"]
[Site "Gausdal"]
[Date "1991.??.??"]
[Round "8"]
[White "Svidler, Peter"]
[Black "Shabalov, Alexander"]
[Result "1/2-1/2"]
[WhiteElo "2460"]
[BlackElo "2535"]

1.e4 c5 2.Nf3 d6 3.d4 cxd4 4.Qxd4 a6 5.Be3 Nc6 6.Qb6 Qxb6 7.Bxb6 g6 8.Nc3 Bg7
9.Nd5 Kf8 10.O-O-O Nf6 11.Bd3 Bg4 12.Rhe1 Rc8 13.c3 Nxd5 14.exd5 Bxf3 15.gxf3 Ne5
16.Be2 f5 17.Be3 Nd7 18.Kc2 Kf7 19.a4 a5 20.Bb5 Nc5 21.Kb1 Bf6 22.Re2 g5
23.Rc2 h5 24.h3 Rc7 25.Bxc5 Rxc5 26.Bd7 Kg6 27.c4 Be5 28.b3 Rc7 29.Be6 b6
30.Re2 Ra7 31.Kc2 Raa8 32.Kd3 Rh6 33.Rg1 Kf6 34.Bd7 Rd8 35.f4 gxf4 36.Be6 f3
37.Re3 Rg6 38.Rxg6+ Kxg6 39.Rxf3 Rf8 40.Ke2 Kg5 41.Kf1 h4 42.Ke2 Rf6 43.Bd7 Bd4
44.Be6  1/2-1/2

[Event "Peer Gynt"]
[Site "Gausdal"]
[Date "1991.??.??"]
[Round "9"]
[White "Djurhuus, Rune"]
[Black "Shabalov, Alexander"]
[Result "1-0"]
[WhiteElo "2410"]
[BlackElo "2535"]

1.e4 Nf6 2.e5 Nd5 3.d4 d6 4.Nf3 Bg4 5.Be2 e6 6.h3 Bh5 7.O-O Be7 8.c4 Nb6
9.Be3 O-O 10.Nc3 d5 11.c5 Bxf3 12.Bxf3 Nc4 13.Bc1 Bg5 14.b3 Bxc1 15.Rxc1 Na5
16.Bg4 Nbc6 17.f4 g6 18.Qd2 b6 19.Na4 Ne7 20.Be2 Nf5 21.g4 Ng3 22.Rf3 Nxe2+
23.Qxe2 f6 24.cxb6 cxb6 25.Nb2 Qe7 26.Rfc3 Qg7 27.Nd3 Rae8 28.Rc7 Re7 29.exf6 Qxf6
30.Rxe7 Qxe7 31.Qe5 Qf6 32.Qxf6 Rxf6 33.Kf2 Rf7 34.Ke3 Nb7 35.Ne5  1-0

[Event "Lloyds Bank op"]
[Site "London"]
[Date "1991.??.??"]
[Round "4"]
[White "Leko, Peter"]
[Black "Shabalov, Alexander"]
[Result "1/2-1/2"]
[WhiteElo "2385"]
[BlackElo "2535"]

1.e4 c5 2.Nf3 e6 3.d4 cxd4 4.Nxd4 Nf6 5.Nc3 d6 6.f4 a6 7.Qf3 Qb6 8.a3 Be7
9.Bd3 Nc6 10.Nxc6 bxc6 11.b3 Qa5 12.Bb2 Qh5 13.Qxh5 Nxh5 14.O-O e5 15.Ne2 exf4
16.Nxf4 Nxf4 17.Rxf4 O-O 18.a4 Be6 19.a5 Rfb8 20.Rff1 Bg5 21.Bd4 Bd2 22.Rfd1 Bf4
23.g3 Be5 24.Bxe5 dxe5 25.Ra4 Kf8 26.Kf2 Ke7 27.Ke3 Ra7 28.Be2 f6 29.Rd2 Bd7
30.Bc4 c5 31.Ra1 Bb5 32.Bd5 Rc7 33.Rad1 Rd8 34.Bc4 Rxd2 35.Rxd2 Bd7 36.Rd3 Rb7
37.Rd5 Be6 38.Rxc5 Kd6 39.Bd5 Kxc5 40.Bxb7 Kb5 41.Kd3 Kxa5 42.Bd5 Bd7 43.Kc4 Kb6
44.b4 h6 45.Kb3 a5 46.bxa5+ Kxa5 47.Kc4 Kb6 48.Kb4 Bh3 49.c4 Bg2 50.c5+ Kc7
51.Kc4 Bh1 52.h4 Bg2 53.Kd3 f5 54.Ke3 g5 55.hxg5 hxg5 56.Kf2 Bh1 57.Ke3 f4+
58.Kf2 Kc8 59.Kg1 Bf3 60.Kf2 Bg4 61.Kg2 Kb8 62.Kf2 Ka7 63.Bc4 Kb7 64.gxf4 gxf4
65.Bb5 Kc7 66.Ba4 Bd7 67.Bb3 Kb7 68.Kf3 Ka6  1/2-1/2

[Event "Lloyds Bank op"]
[Site "London"]
[Date "1991.??.??"]
[Round "6"]
[White "Bagirov, Vladimir"]
[Black "Shabalov, Alexander"]
[Result "1/2-1/2"]
[WhiteElo "2485"]
[BlackElo "2535"]

1.c4 e5 2.Nc3 d6 3.d4 Nd7 4.g3 Ngf6 5.Nf3 Be7 6.Bg2 O-O 7.O-O c6 8.b3 Re8
9.Qc2 Bf8 10.Rd1 Qc7 11.Bb2 a6 12.dxe5 dxe5 13.Ne4 Nxe4 14.Qxe4 f6 15.Qc2 a5
16.Bc3 Nc5 17.e3 Be6 18.Ne1 Rad8 19.Rxd8 Rxd8 20.Rd1  1/2-1/2